000 00316nam a22001337a 4500
999 _c530178
_d530178
003 NUST
038 _awaseem
082 _a342
_bMEH
100 _aMehar, Ayub
_923449
245 _aThe Morality of Capitalism /
_cAyub Mehar
260 _aLahore :
_bAjmal Publications,
_c2013.
300 _a140 p. ;
942 _2ddc
_cBK